000 00438nam a22001817a 4500
005 20230118123410.0
008 200518b xxu||||| |||| 00| 0 eng d
020 _a9788125600040
041 _aeng
082 _a615 GUP
100 _aGupta Sanjay
_95509
245 _aCareers in Pharmacy
250 _a4'th
260 _aDelhi
_bA Concise Book of Cosmetic
_c2019
300 _a192
650 _aPharmacy
_xD.PHARMA
_97090
942 _cBK
999 _c6273
_d6271